00735pam a2200229 a 4500001000800000005001700008008004100025010001700066020001500083020001600098040001800114050002100132082002200153100003100175245008600206250001200292260006200304300003400366504005100400650002000451700003400471487048920190919144604.0921020s1993 enka b 001 0 eng  a 92038042  a0470219823 z05820910342 aDLCcDLCdDLC00aTJ265b.E23 199300a621.4021220bEAS1 aEastop, T. D.q(Thomas D.)10aApplied thermodynamics for engineering technologists /cT.D. Eastop, A. McConkey. a5th ed. bNational Book Foundation ;aNew York :bIslamabad,c2010. axix, 715 p. :bill. ;c25 cm. aIncludes bibliographical references and index. 0aThermodynamics.1 aMcConkey, A.q(Allan),d1927-